ბათუმის შოთა რუსთაველის სახელმწიფო უნივერსიტეტის ბიბლიოთეკა

ჩანაწერი Personal Name

ჩანაწერთა რაოდენობა, რომელიც გამოყენებულია: 1

001 - CONTROL NUMBER

  • control field: 11504

003 - CONTROL NUMBER IDENTIFIER

  • control field: GE_BSU

005 - DATE AND TIME OF LATEST TRANSACTION

  • control field: 20210421172404.0

008 - FIXED-LENGTH DATA ELEMENTS

  • fixed length control field: 210421|| aca||aabn | a|a d

040 ## - CATALOGING SOURCE

  • Original cataloging agency: GE_BSU
  • Transcribing agency: GE_BSU

100 ## - HEADING--PERSONAL NAME

  • Personal name: იმედაძე, ნ.
  • Relator term: სამეცნიერო ხელმძღვანელი

670 ## - SOURCE DATA FOUND

  • Source citation: Work cat.: (GE_BSU)52044: მიქელაძე, ნინო 11503, ენის სწავლების ტექნოლოგიები სტუდენტთა ინდივიდუალური თავისებურებების გათვალისწინებით /